| 000 | 00466cam a2200181ua 4500 | ||
|---|---|---|---|
| 020 | _c172.00 | ||
| 041 |
_aeng _h |
||
| 082 |
_a302.3 _bCAR/GR |
||
| 100 | _aCartwright, Dorwin . | ||
| 245 |
_aGroup dynamics : Research and theory / _cDorwin Cartwright. _hTextual Documents |
||
| 260 |
_a : _bRow, Peter sons and co. , _c1960. |
||
| 300 | _a825 ; . | ||
| 365 | _a172.00 | ||
| 504 | _a | ||
| 700 | 1 | _aZander, Alvin . | |
| 942 | _cBK | ||
| 999 |
_c1814 _d1814 |
||